|
|
|
|
| LEADER |
01368nam a2200265 a 4500 |
| 001 |
1697025 |
| 008 |
111221r20001966njua b 001 0 eng d |
| 010 |
|
|
|a 66010949
|
| 040 |
|
|
|a DLC
|c DLC
|d DLC
|d BD-DhAAL
|
| 082 |
0 |
0 |
|a 301.018
|2 22
|
| 100 |
1 |
|
|a Young, Pauline (Vislick)
|d 1896-
|
| 245 |
1 |
0 |
|a Scientific social surveys and research;
|b an introduction to the background, content, methods, principles and analysis of social studies
|c [by] Pauline V. Young. With chapters on statistics, scaling techniques, graphic presentation and human ecology, by Calvin F. Schmid.
|
| 250 |
|
|
|a 4th ed.
|
| 260 |
|
|
|a Englewood Cliffs, N.J. :
|b Prentice-Hall ;
|a New Delhi :
|b Prentice-Hall,
|c c1966 [Reprinted 2000]
|
| 300 |
|
|
|a xvi, 576 p.
|b illus.
|c 21 cm.
|
| 490 |
0 |
|
|a Prentice-Hall sociology series
|
| 504 |
|
|
|a Bibliography: p. 553-561.
|
| 541 |
|
|
|a 00010852
|
| 650 |
|
0 |
|a Social surveys.
|
| 650 |
|
0 |
|a Social sciences
|x Methodology.
|
| 700 |
1 |
|
|a Schmid, Calvin Fisher,
|d 1901-
|
| 852 |
1 |
|
|a Ayesha Abed Library
|c General shelf.
|
| 999 |
|
|
|c 11691
|d 11691
|
| 952 |
|
|
|0 0
|1 0
|4 0
|6 301_018000000000000_YOU
|7 0
|9 19007
|a BRACUL
|b BRACUL
|c GEN
|d 2011-12-28
|l 2
|m 30
|o 301.018 YOU
|p 3010010852
|r 2016-11-21
|s 2016-03-07
|t 1
|w 2011-12-28
|y BK
|x Available
|
| 952 |
|
|
|0 0
|1 0
|4 0
|6 301_018000000000000_YOU
|7 0
|9 19008
|a BRACUL
|b BRACUL
|c GEN
|d 2011-12-28
|l 0
|o 301.018 YOU
|p 3010010650
|r 2011-12-28
|t 2
|w 2011-12-28
|y BK
|x Available
|